|
|
|
|
| LEADER |
01190nam a22002897a 4500 |
| 001 |
6969 |
| 003 |
BD-DhAAL |
| 005 |
20190106125412.0 |
| 008 |
190106t1996 th a|||| |||| 00| 0 eng d |
| 999 |
|
|
|c 40373
|d 40373
|
| 040 |
|
|
|a BD-DhAAL
|
| 082 |
|
|
|a 618.9220091724
|2 20
|
| 100 |
|
|
|a Rashid, Harunor
|d 1962-
|9 29444
|
| 245 |
|
|
|a Knowledge and self-care practices of mothers associating with acute respiratory infections among under five children in ratchaburi province, Thailand /
|c Harunor Rashid
|
| 260 |
|
|
|a Thailand :
|b Mahidol University,
|c 1996
|
| 300 |
|
|
|a ix, 142 pages :
|b illustrations ;
|c 29 cm.
|
| 526 |
|
|
|a AAL
|
| 541 |
|
|
|a BRAC
|
| 650 |
|
|
|a Pediatric respiratory diseases
|v Developing countries
|x Prevention.
|9 29445
|
| 700 |
|
|
|a Porapakkham, Yawarat
|9 29446
|
| 700 |
|
|
|a Vathanophas, Kanda
|9 29447
|
| 700 |
|
|
|a Atibodhi, Supatra
|9 29448
|
| 700 |
|
|
|a Wongkhomthong, Somarch
|9 29449
|
| 700 |
|
|
|a Viriyavejakul, Adulya
|9 29450
|
| 852 |
|
|
|a Ayesha Abed Library
|c General Stacks
|
| 942 |
|
|
|2 ddc
|c BK
|
| 952 |
|
|
|0 0
|1 4
|2 ddc
|4 0
|6 618_922009172400000_RAS
|7 0
|9 64888
|a BRACUL
|b BRACUL
|c GEN
|d 2019-01-06
|e BRAC
|l 0
|o 618.9220091724 RAS
|p 3010006969
|r 2019-01-06
|t 1
|w 2019-01-06
|y BK
|x Koha Inventory 2020
|